Score 0/16 Timer 01:00
0 Plays Today
% Correct
Cheshire Cat
93%
Pumbaa
92.6%
Belle
91.4%
Wendy Darling
91%
Doc
89.8%
Prince Charming
89.2%
Shere Khan
89.1%
Abu
88.9%
% Correct
Maid Marian
84.3%
Flynn Rider
84.1%
Ichabod Crane
82.2%
Prince Eric
80.5%
Megara
78.3%
Copper
78.1%
Nick Wilde
68.7%
Wart
65.4%
Remove Ads.
Support Sporcle.
Get the best of Sporcle when you Go Orange. This ad-free experience offers more features, more stats, and more fun while also helping to support Sporcle. Thank you for becoming a member.

You're not logged in!

Compare scores with friends on all Sporcle quizzes.
OR
Log In

Show Comments

Extras

Top Quizzes Today


Score Distribution

Your Account Isn't Verified!

In order to create a playlist on Sporcle, you need to verify the email address you used during registration. Go to your Sporcle Settings to finish the process.

Report this User

Report this user for behavior that violates our Community Guidelines.

Details: